Controllability of dynamical systems
Αποθηκεύτηκε σε:
| Κύριος συγγραφέας: | |
|---|---|
| Μορφή: | Βιβλίο |
| Γλώσσα: | English |
| Δημοσίευση: |
Dordrecht :
Kluwer Academic Pub.,
c1991
|
| Σειρά: | Mathematics and its applications. East European series ;
; 48 |
| Θέματα: | |
| Ετικέτες: |
Προσθήκη ετικέτας
Δεν υπάρχουν, Καταχωρήστε ετικέτα πρώτοι!
|
MARC
| LEADER | 00000nam a2200000 i 4500 | ||
|---|---|---|---|
| 001 | 1/74887 | ||
| 008 | 990426s1991 eng d | ||
| 020 | |a 0-7923-0822-0 | ||
| 035 | |l 10049195 | ||
| 040 | |a GR-MY-UA |b gre |e aacr | ||
| 041 | 0 | |a eng | |
| 082 | 0 | |a 629.8312 | |
| 100 | 1 | |a Klamka, Jerzy. | |
| 245 | 1 | 0 | |a Controllability of dynamical systems / |c Jerzy Klamka |
| 260 | |a Dordrecht : |b Kluwer Academic Pub., |c c1991 | ||
| 300 | |a xvi, 248 p.; |b ill.; |c 25 cm. | ||
| 490 | 1 | |a Mathematics and its applications. East European series |v ; 48 | |
| 500 | |a Includes bibliographical references and index | ||
| 650 | 0 | 0 | |a Control theory. |
| 830 | 0 | |a Mathematics and its applications. East European series ; |v ; 48 | |
| 852 | |a INST |b SAMOS |e 19990426 |h 629.8312 KLA |p 005300012713 |q 005300012713 |t BK |y 0 | ||
| 901 | |a BIBL-1999-1 | ||
| 909 | |a Σ |b 063949 | ||
| 922 | |a 3ΕΛΗ |b 199901 |c ΚΠΣ |d GLORY | ||